You Damn Sala (Record no. 325440)

000 -LEADER
fixed length control field 00323 a2200133 4500
001 - CONTROL NUMBER
control field 90367
082 ## - DEWEY DECIMAL CLASSIFICATION NUMBER
Classification number 891.4393 NAE
090 ## - LOCALLY ASSIGNED LC-TYPE CALL NUMBER (OCLC); LOCAL CALL NUMBER (RLIN)
-- 42687
-- 42687
100 ## - MAIN ENTRY--PERSONAL NAME
Personal name Naeem Baig
245 ## - TITLE STATEMENT
Title You Damn Sala
Statement of responsibility, etc. Naeem Baig
Medium Urdu
260 ## - PUBLICATION, DISTRIBUTION, ETC.
Place of publication, distribution, etc. Lahore
Name of publisher, distributor, etc. Book Age Publishers
Date of publication, distribution, etc. 2013
300 ## - PHYSICAL DESCRIPTION
Extent 128p.
500 ## - GENERAL NOTE
General note General Collection
942 ## - ADDED ENTRY ELEMENTS (KOHA)
Institution code [OBSOLETE] CAE NUST
Call number prefix 891.4393 NAE
Holdings
Withdrawn status Lost status Damaged status Not for loan Collection code Permanent Location Current Location Date acquired Total Checkouts Full call number Barcode Date last seen Price effective from Koha item type
          College of Aeronautical Engineering (CAE) College of Aeronautical Engineering (CAE) 04/03/2017   891.4393 NAE CAE86192 04/05/2017 04/05/2017 Book
© 2023 Central Library, National University of Sciences and Technology. All Rights Reserved.